[Event "15. Bayer Open"]
[Site "Leverkusen"]
[Date "2017.03.13"]
[Round "5.51"]
[White "Teuber, Alfons"]
[Black "Müller, Horst"]
[Result "0-1"]
[WhiteElo "1031"]
[BlackElo "1497"]
[PlyCount "84"]
[EventDate "2017.??.??"]
[WhiteTeam "BSW Opladen"]
[BlackTeam "SV Springer Hitdorf"]

1. e4 c5 2. Nc3 d6 3. d3 Nc6 4. a3 Nf6 5. Bg5 e6 6. h3 Be7 7. Nf3 a6 8. d4 cxd4
9. Nxd4 h6 10. Nxc6 bxc6 11. Be3 O-O 12. Be2 c5 13. O-O Bb7 14. Bf3 Rb8 15. b4
Qc7 16. b5 Qa5 17. Bd2 axb5 18. Nd5 Qd8 19. Nxe7+ Qxe7 20. Re1 Rfd8 21. Ba5 Rd7
22. Qe2 Bc6 23. e5 Bxf3 24. Qxf3 dxe5 25. Rxe5 Ra7 26. Bd2 b4 27. a4 Qd6 28.
Re2 Nd5 29. c4 bxc3 30. Bxc3 Nxc3 31. Qxc3 Rb4 32. a5 Qd4 33. Qe1 Rb2 34. Rxb2
Qxb2 35. Rb1 Qd4 36. Rb8+ Kh7 37. Qb1+ g6 38. Qb6 Rd7 39. a6 Qa4 40. Rb7 Rd1+
41. Kh2 Qf4+ 42. g3 Qxf2# 0-1

[Event "15. Bayer Open"]
[Site "Leverkusen"]
[Date "2017.03.13"]
[Round "5.52"]
[White "Milz, Ulrich"]
[Black "Kolleck, Wolf-Dietrich"]
[Result "1/2-1/2"]
[WhiteElo "1458"]
[BlackElo "1492"]
[PlyCount "55"]
[EventDate "2017.??.??"]
[WhiteTeam "SC Bayer Leverkusen"]
[BlackTeam "SC Bayer Leverkusen"]

1. e4 e5 2. Bc4 Nf6 3. d3 h6 4. a3 c6 5. Nf3 d6 6. h3 Qc7 7. Nc3 Nbd7 8. O-O
Be7 9. Nh4 Nb6 10. Ba2 Bd7 11. Qf3 Qc8 12. Be3 Be6 13. Bxe6 Qxe6 14. Nf5 Rg8
15. Bxb6 axb6 16. Qe3 Bd8 17. Rad1 Bc7 18. d4 Qd7 19. Na4 c5 20. b3 Nh5 21. f4
Nxf4 22. Rxf4 exf4 23. Qxf4 O-O-O 24. c4 g5 25. Qg4 Rg6 26. Nc3 Rh8 27. Qh5
Rhg8 28. Qg4 1/2-1/2

[Event "15. Bayer Open"]
[Site "Leverkusen"]
[Date "2017.03.13"]
[Round "5.53"]
[White "Sinner, Joselyne"]
[Black "Dörper, Georg"]
[Result "0-1"]
[WhiteElo "1050"]
[BlackElo "1344"]
[PlyCount "92"]
[EventDate "2017.??.??"]
[WhiteTeam "SG Porz"]
[BlackTeam "SF Düsseldorf-Süd"]

1. e4 c5 2. Nf3 d6 3. Nc3 Nc6 4. Bb5 a6 5. Ba4 b5 6. Nxb5 axb5 7. Bxb5 Bd7 8.
O-O e5 9. d3 Nf6 10. Bg5 Be7 11. Nd2 O-O 12. Qf3 Nd4 13. Qg3 Ne2+ 14. Kh1 Nxg3+
15. fxg3 Bxb5 16. b3 h6 17. Be3 Ng4 18. Bg1 Bg5 19. Nf3 Be3 20. h3 Bxg1 21.
Kxg1 Nf6 22. a4 Bc6 23. Ra2 Nd7 24. Rfa1 d5 25. exd5 Bxd5 26. Nd2 Qg5 27. Nf1
e4 28. dxe4 Bxe4 29. c3 Nf6 30. b4 Bd5 31. Ra3 cxb4 32. cxb4 Qe5 33. a5 Qd4+
34. Ne3 Qxb4 35. a6 Ra7 36. Ra4 Qb6 37. R4a3 Rfa8 38. Kh2 Rxa6 39. Rxa6 Rxa6
40. Rf1 Qb7 41. h4 Ra2 42. Nxd5 Nxd5 43. Rf3 Nf6 44. Kh3 Qc8+ 45. Kh2 Qc2 46.
Kh3 Qxg2# 0-1

[Event "15. Bayer Open"]
[Site "Leverkusen"]
[Date "2017.03.13"]
[Round "5.54"]
[White "Brink, Manfred"]
[Black "Yon, Gregory"]
[Result "0-1"]
[WhiteElo "934"]
[BlackElo "1520"]
[PlyCount "58"]
[EventDate "2017.??.??"]
[WhiteTeam "SK Köln-Worringen"]
[BlackTeam "Bergische SF"]

1. c4 Nf6 2. Nf3 d5 3. cxd5 Nxd5 4. d4 Bf5 5. Nc3 Nxc3 6. bxc3 Nc6 7. Bf4 e6 8.
Ne5 Nxe5 9. Bxe5 f6 10. Bf4 Bd6 11. Bxd6 Qxd6 12. e3 Bg6 13. Bd3 Bf7 14. f4 O-O
15. O-O c5 16. Qf3 Rab8 17. Rad1 cxd4 18. exd4 b6 19. h3 Rbc8 20. Rc1 f5 21.
Qb7 Rc7 22. Qf3 Rxc3 23. Rxc3 Qxd4+ 24. Rf2 Qxc3 25. Rc2 Qd4+ 26. Kh2 g6 27. h4
Rd8 28. Rd2 Qf6 29. Kh3 e5 0-1

[Event "15. Bayer Open"]
[Site "Leverkusen"]
[Date "2017.03.27"]
[Round "6.1"]
[White "Marcziter, Dmitrii"]
[Black "Auer, Martin"]
[Result "1/2-1/2"]
[WhiteElo "2254"]
[BlackElo "2167"]
[PlyCount "28"]
[EventDate "2017.??.??"]
[WhiteTeam "DJK Aufwärts Aachen"]
[BlackTeam "Bahn-SC Wuppertal"]

1. d4 Nf6 2. c4 g6 3. Nf3 Bg7 4. g3 O-O 5. Bg2 d5 6. cxd5 Nxd5 7. O-O c5 8.
dxc5 Na6 9. c6 bxc6 10. e4 Ndb4 11. Nc3 Nc5 12. Qxd8 Rxd8 13. Bg5 Kf8 14. Rfd1
Be6 1/2-1/2

[Event "15. Bayer Open"]
[Site "Leverkusen"]
[Date "2017.03.27"]
[Round "6.2"]
[White "Mohaupt, Sascha"]
[Black "Stillger, Bernhard"]
[Result "1/2-1/2"]
[WhiteElo "2145"]
[BlackElo "2240"]
[PlyCount "129"]
[EventDate "2017.??.??"]
[WhiteTeam "SV Wermelskirchen"]
[BlackTeam "Oberhausener SV"]

1. e4 g6 2. d4 Bg7 3. Nc3 c6 4. Nf3 d6 5. h3 Nf6 6. Be3 O-O 7. Qd2 d5 8. e5 Ne4
9. Nxe4 dxe4 10. Ng5 c5 11. c3 cxd4 12. cxd4 Nc6 13. Nxe4 Bf5 14. Nc3 Qa5 15.
f4 Rfd8 16. g4 Be6 17. Bg2 Bc4 18. Ne4 Nb4 19. Kf2 Qb6 20. b3 Ba6 21. Nc5 Nd5
22. Nxa6 Nxe3 23. Kxe3 Qxa6 24. Rhc1 g5 25. Kf3 Rd7 26. Rc4 Rad8 27. Rac1 gxf4
28. Qxf4 Qxa2 29. R1c3 Qb1 30. Qe4 Qd1+ 31. Qe2 Rxd4 32. Qxd1 Rxd1 33. Re3 Bh6
34. Re2 R8d3+ 35. Kf2 Rxb3 36. Rc7 e6 37. Rxb7 Rxb7 38. Bxb7 Rb1 39. Ba6 Bc1
40. Kf3 Rb3+ 41. Kg2 Bf4 42. Re4 Rg3+ 43. Kf2 Ra3 44. Rxf4 Rxa6 45. Rf3 Ra1 46.
Kg3 Kg7 47. Kf4 h6 48. Rc3 a5 49. Rc5 a4 50. Ra5 a3 51. Kg3 Kg6 52. Ra6 a2 53.
Kh4 Kg7 54. Ra3 Kg6 55. Ra6 f6 56. exf6 e5 57. f7+ Kxf7 58. Kh5 Rh1 59. Ra7+
Ke6 60. Rxa2 Rxh3+ 61. Kg6 e4 62. g5 hxg5 63. Kxg5 Rf3 64. Ra5 e3 65. Kg4
1/2-1/2

[Event "15. Bayer Open"]
[Site "Leverkusen"]
[Date "2017.03.27"]
[Round "6.3"]
[White "Peschel, Andreas"]
[Black "Rotstein, Jefim"]
[Result "1-0"]
[WhiteElo "2157"]
[BlackElo "2241"]
[PlyCount "57"]
[EventDate "2017.??.??"]
[WhiteTeam "SG Solingen"]
[BlackTeam "SC Tornado Hochneukirch"]

1. Nf3 c5 2. g3 Nc6 3. Bg2 e5 4. d3 f5 5. O-O Nf6 6. c4 d6 7. Nc3 Be7 8. a3 O-O
9. Rb1 a5 10. Bd2 Qe8 11. Nd5 Nxd5 12. cxd5 Nd8 13. b4 cxb4 14. axb4 a4 15. Qc1
Bd7 16. Qa3 Nf7 17. Rfc1 Bf6 18. Be3 g5 19. b5 Bxb5 20. Rc7 f4 21. Bb6 Ba6 22.
Bh3 e4 23. Bd7 Qb8 24. dxe4 Bxe2 25. Rbc1 Bxf3 26. Qxf3 a3 27. Qh5 Bg7 28. Bf5
Bh6 29. Qxh6 1-0

[Event "15. Bayer Open"]
[Site "Leverkusen"]
[Date "2017.03.27"]
[Round "6.4"]
[White "Khanukov, Boris"]
[Black "Balduan, Markus"]
[Result "0-1"]
[WhiteElo "2249"]
[BlackElo "2219"]
[PlyCount "120"]
[EventDate "2017.??.??"]
[WhiteTeam "Bahn-SC Wuppertal"]
[BlackTeam "TV Witzhelden"]

1. Nf3 c5 2. g3 g6 3. Bg2 Bg7 4. c4 Nc6 5. O-O e5 6. d3 Nge7 7. Nc3 O-O 8. Rb1
d6 9. a3 a5 10. Ne1 Be6 11. Nc2 d5 12. cxd5 Nxd5 13. Ne3 Nde7 14. Ne4 b6 15.
Ng5 Bc8 16. Qa4 Bd7 17. Qh4 h6 18. Nf3 g5 19. Qc4 Be6 20. Qc2 Rc8 21. Qd1 f5
22. Nd2 Nd4 23. a4 Qc7 24. Nec4 Rcd8 25. b3 Rd7 26. Bb2 Rfd8 27. Bxd4 exd4 28.
Qe1 Nd5 29. Bxd5 Bxd5 30. f4 g4 31. Qf2 Bb7 32. h3 h5 33. Kh2 Re7 34. Rg1 Rde8
35. Rbe1 Re6 36. Ne5 Bxe5 37. fxe5 Qxe5 38. Nc4 Qd5 39. e4 dxe3 40. Qf4 Kh7 41.
Rxe3 Rxe3 42. Nxe3 Qe5 43. Ng2 Bxg2 44. Qxe5 Rxe5 45. Rxg2 Re1 46. Rd2 Rb1 47.
d4 cxd4 48. hxg4 hxg4 49. Rxd4 Rxb3 50. Rd6 Kg7 51. Kg2 Kf7 52. Rh6 Ke7 53. Rc6
Rb4 54. Kf2 Kd7 55. Rf6 Kc7 56. Rxf5 Rxa4 57. Rg5 Rb4 58. Ke2 a4 59. Rg7+ Kb8
60. Kd2 a3 0-1

[Event "15. Bayer Open"]
[Site "Leverkusen"]
[Date "2017.03.27"]
[Round "6.5"]
[White "Lindam, Ingo"]
[Black "Moors, Christoph"]
[Result "1-0"]
[WhiteElo "2071"]
[BlackElo "1938"]
[PlyCount "57"]
[EventDate "2017.??.??"]
[WhiteTeam "Kölner SK Dr. Lasker"]
[BlackTeam "Düsseldorfer SK"]

1. d4 d5 2. Nf3 Nf6 3. c4 e6 4. g3 Bb4+ 5. Bd2 Bd6 6. Bg2 O-O 7. O-O c6 8. Bc3
dxc4 9. Ne5 Bxe5 10. dxe5 Qxd1 11. Rxd1 Nd5 12. Na3 Nd7 13. Nxc4 b6 14. Be1 Ba6
15. b3 Rad8 16. Rac1 Nb8 17. e4 Nc7 18. f4 c5 19. Nd6 Nc6 20. b4 Nb5 21. bxc5
Ncd4 22. Kf2 bxc5 23. Rxc5 Nxd6 24. exd6 Rxd6 25. Ra5 Rb8 26. Bc3 Rb5 27. Rxd4
Rxa5 28. Rxd6 Rxa2+ 29. Rd2 1-0

[Event "15. Bayer Open"]
[Site "Leverkusen"]
[Date "2017.03.27"]
[Round "6.6"]
[White "Wicht, Juergen"]
[Black "Neubauer, Jürgen"]
[Result "0-1"]
[WhiteElo "2178"]
[BlackElo "1981"]
[PlyCount "96"]
[EventDate "2017.??.??"]
[WhiteTeam "vereinslos"]
[BlackTeam "SK Turm Euskirchen"]

1. d4 d5 2. Nf3 e6 3. c4 c5 4. e3 Nc6 5. Nc3 Nf6 6. Be2 Be7 7. O-O O-O 8. b3 b6
9. cxd5 exd5 10. Ne5 Bb7 11. f4 Rc8 12. Bb2 cxd4 13. Nxc6 Bxc6 14. exd4 Ne4 15.
Nxe4 dxe4 16. Rc1 Qd7 17. Bc4 Bd5 18. Ba6 Bb7 19. Qe2 f5 20. Qb5 Qxb5 21. Bxb5
Rfd8 22. Bc4+ Kf8 23. Be6 Rxc1 24. Rxc1 Bd6 25. g3 g6 26. Kf2 Ke7 27. Bc4 a6
28. Ke3 b5 29. Be2 Bd5 30. h4 h6 31. Rf1 Rc8 32. Rc1 Rg8 33. Rh1 Rg7 34. Rf1
Ke6 35. g4 Ke7 36. g5 hxg5 37. hxg5 Rh7 38. Bc1 Bb4 39. Rd1 Kd6 40. Bf1 Rh2 41.
Bd2 Bxd2+ 42. Rxd2 Rh1 43. Rf2 Rg1 44. Kd2 Bc6 45. Be2 Rg3 46. Rh2 Kd5 47. Rh6
Kxd4 48. Rxg6 e3+ 0-1

[Event "15. Bayer Open"]
[Site "Leverkusen"]
[Date "2017.03.27"]
[Round "6.7"]
[White "Arlt, Klaus"]
[Black "Heller, Achim"]
[Result "0-1"]
[WhiteElo "1997"]
[BlackElo "2055"]
[PlyCount "144"]
[EventDate "2017.??.??"]
[WhiteTeam "Ford SF Köln"]
[BlackTeam "SG Ennepe-Ruhr-Süd"]

1. c4 c6 2. Nf3 d5 3. d4 Nf6 4. g3 Bf5 5. Bg2 e6 6. O-O Be7 7. Nbd2 Ne4 8. Ne5
Nxd2 9. Qxd2 f6 10. g4 fxe5 11. gxf5 exd4 12. cxd5 exd5 13. Qxd4 O-O 14. e4
dxe4 15. Qxe4 Bf6 16. Be3 Qe8 17. Rfd1 a5 18. Rd2 Na6 19. Rad1 Qxe4 20. Bxe4
Rfd8 21. Bb6 Rxd2 22. Rxd2 Nb4 23. a3 Nd5 24. Bxd5+ cxd5 25. Rxd5 a4 26. Bd4
Bxd4 27. Rxd4 b5 28. Rb4 Rb8 29. Kg2 Kf7 30. Kf3 Kf6 31. Ke4 Re8+ 32. Kd5 Re5+
33. Kc6 Rxf5 34. f4 Rh5 35. h4 Rxh4 36. Kxb5 h5 37. Rxa4 Kf5 38. Rd4 Rxf4 39.
Rd1 Rf3 40. Kc4 h4 41. a4 Rf4+ 42. Kb5 Rf2 43. b4 h3 44. a5 h2 45. a6 Ra2 46.
Rh1 Kg4 47. a7 Kh3 48. Kb6 g5 49. Kb7 g4 50. b5 g3 51. a8=Q Rxa8 52. Kxa8 g2
53. Rxh2+ Kxh2 54. b6 g1=Q 55. b7 Qa1+ 56. Kb8 Kg3 57. Kc8 Qc3+ 58. Kd7 Qd4+
59. Kc8 Qc5+ 60. Kd7 Qb6 61. Kc8 Qc6+ 62. Kb8 Kg4 63. Ka7 Qc7 64. Ka8 Qa5+ 65.
Kb8 Kf5 66. Kc8 Qc5+ 67. Kd7 Qb6 68. Kc8 Qc6+ 69. Kb8 Ke6 70. Ka7 Qc7 71. Ka8
Qa5+ 72. Kb8 Kd6 0-1

[Event "15. Bayer Open"]
[Site "Leverkusen"]
[Date "2017.03.27"]
[Round "6.8"]
[White "Kesseler, Heiko"]
[Black "Reuter, Michael"]
[Result "1-0"]
[WhiteElo "2099"]
[BlackElo "2030"]
[PlyCount "62"]
[EventDate "2017.??.??"]
[WhiteTeam "Düsseldorfer SK"]
[BlackTeam "Langenfelder SF"]

1. e4 c6 2. Nc3 d5 3. Nf3 Nf6 4. e5 Ne4 5. Be2 Nxc3 6. bxc3 e6 7. O-O Be7 8. d4
c5 9. Ne1 Nc6 10. a4 Qa5 11. Bd2 Qc7 12. Be3 Bd7 13. Qd2 Rc8 14. Nd3 cxd4 15.
cxd4 b6 16. Rfc1 Na5 17. Bg5 Nc4 18. Qf4 Bf8 19. Bh5 Bc6 20. Qh4 Qd7 21. Qh3 h6
22. Be3 g6 23. Bg4 Rc7 24. Nf4 Rh7 25. Be2 Qe7 26. Bd3 Nxe3 27. Qxe3 Rg7 28. c4
dxc4 29. Rxc4 Bd5 30. Rxc7 Qxc7 31. Rc1 Qd7 1-0

[Event "15. Bayer Open"]
[Site "Leverkusen"]
[Date "2017.03.27"]
[Round "6.9"]
[White "Glaser, Steffen"]
[Black "Wille, Thomas"]
[Result "1/2-1/2"]
[WhiteElo "2033"]
[BlackElo "2013"]
[PlyCount "87"]
[EventDate "2017.??.??"]
[WhiteTeam "vereinslos"]
[BlackTeam "Velberter SG"]

1. e4 c5 2. c3 Nf6 3. e5 Nd5 4. d4 cxd4 5. Nf3 Nc6 6. Bc4 Nb6 7. Bb3 d5 8. exd6
Qxd6 9. Nxd4 Nxd4 10. Qxd4 Qxd4 11. cxd4 e6 12. Nc3 Bd6 13. O-O O-O 14. Be3 Bb4
15. a3 Bxc3 16. bxc3 Nd5 17. c4 Nxe3 18. fxe3 Bd7 19. e4 Rac8 20. Rac1 e5 21.
Rfd1 exd4 22. c5 Bc6 23. Rxd4 Rfe8 24. Bd5 Kf8 25. Kf2 Rc7 26. Kf3 f6 27. Rb4
Re5 28. Bxc6 bxc6 29. a4 Rd7 30. Rb8+ Kf7 31. Rc8 Rd3+ 32. Kf2 Rd4 33. Rc7+ Kg6
34. Rxa7 Rexe4 35. Rc7 Rxa4 36. Rxc6 Ra2+ 37. Kf3 Ree2 38. Rg1 Rec2 39. Ke4
Rxg2 40. Rxg2+ Rxg2 41. h4 h5 42. Kd3 Rg3+ 43. Kd4 Rg4+ 44. Kd3 1/2-1/2

[Event "15. Bayer Open"]
[Site "Leverkusen"]
[Date "2017.03.27"]
[Round "6.11"]
[White "Scharff, Klaus"]
[Black "Kies, Werner"]
[Result "1-0"]
[WhiteElo "1880"]
[BlackElo "1862"]
[Annotator "Birnkott,Manfred"]
[PlyCount "72"]
[EventDate "2017.??.??"]
[WhiteTeam "SV Opladen"]
[BlackTeam "SC Bayer Leverkusen"]

1. Nf3 g6 2. g3 Bg7 3. Bg2 d5 4. d3 e5 5. Nbd2 Ne7 6. e4 c6 7. O-O O-O 8. Ne1
f5 9. f4 Nd7 10. c3 a5 11. exf5 Nxf5 12. Ndf3 Qb6+ 13. Kh1 exf4 14. gxf4 Re8
15. d4 Nf6 16. Ne5 Nh4 17. N1f3 Nxg2 18. Kxg2 Bf5 19. b3 Ne4 20. Qe1 Qc7 21.
Nh4 Be6 22. Kh1 Qe7 23. Nhf3 Rf8 24. a4 Rf5 25. Ra2 Rh5 26. Rg1 Bf5 27. Re2 Rc8
28. c4 Qd8 29. c5 b6 30. Bb2 Rh3 31. Qc1 Bf8 32. Ng5 Rxb3 33. Qe1 Nxg5 34. Rxg5
Be7 35. Rxf5 gxf5 36. Rg2+ Kh8 1-0

[Event "15. Bayer Open"]
[Site "Leverkusen"]
[Date "2017.03.27"]
[Round "6.12"]
[White "Werbeck, Torsten"]
[Black "Schülke, Tilman"]
[Result "1-0"]
[WhiteElo "2051"]
[BlackElo "1864"]
[PlyCount "83"]
[EventDate "2017.??.??"]
[WhiteTeam "Bahn-SC Wuppertal"]
[BlackTeam "Düsseldorfer SV"]

1. d4 e6 2. c4 f5 3. g3 Nf6 4. Bg2 Be7 5. Nf3 d6 6. O-O O-O 7. b3 a5 8. Bb2 Na6
9. Nbd2 Qe8 10. Ne1 c5 11. e3 Rb8 12. e4 Bd7 13. Nd3 cxd4 14. Bxd4 Bc6 15. exf5
Bxg2 16. Kxg2 exf5 17. Re1 Qd7 18. Nf4 Nc7 19. Bc3 b6 20. Qf3 d5 21. Be5 Bd6
22. cxd5 Bxe5 23. Rxe5 Ng4 24. Re2 Rfe8 25. Rae1 Rxe2 26. Rxe2 Nf6 27. Nc4 Ne4
28. d6 Ne8 29. Qd3 h6 30. Qd5+ Kh7 31. Ne6 Kh8 32. Qxf5 N4xd6 33. Qf8+ Kh7 34.
Nxd6 Qxd6 35. Qf5+ Kg8 36. Nf4 Qc6+ 37. Qd5+ Qxd5+ 38. Nxd5 Nd6 39. Re6 Rd8 40.
Nxb6 Kf7 41. Re5 Kf6 42. Rxa5 1-0

[Event "15. Bayer Open"]
[Site "Leverkusen"]
[Date "2017.03.27"]
[Round "6.13"]
[White "Bär, Marco"]
[Black "Birnkott, Manfred"]
[Result "1/2-1/2"]
[WhiteElo "2101"]
[BlackElo "1845"]
[Annotator "Birnkott,Manfred"]
[PlyCount "89"]
[EventDate "2017.??.??"]
[WhiteTeam "SC Bayer Leverkusen"]
[BlackTeam "SC Bayer Leverkusen"]

1. d4 d5 2. Nc3 g6 3. e4 dxe4 4. Nxe4 Bg7 5. Nf3 b6 6. c3 Bb7 7. Bb5+ Nd7 8.
Qe2 a6 9. Bc4 e6 10. d5 e5 11. h4 Qe7 12. h5 b5 13. Bb3 f5 14. Bg5 Ngf6 15.
Nxf6+ Bxf6 16. Bxf6 Qxf6 17. hxg6 hxg6 18. Rxh8+ Qxh8 19. O-O-O Qf6 20. Rh1
O-O-O 21. Qe3 e4 22. Nd4 Nc5 23. Rh7 Nxb3+ 24. Nxb3 Bxd5 25. Nd4 Qd6 26. b3 c5
27. Nc2 f4 28. Qe2 Bc6 29. Rg7 Qf6 30. Qg4+ Bd7 31. Qxg6 Rf8 32. Qxf6 Rxf6 33.
Rg5 Rf5 34. Rg6 Kb7 35. a3 Bc6 36. b4 cxb4 37. axb4 Bd5 38. Nd4 Re5 39. Rf6 e3
40. fxe3 Rxe3 41. Kd2 Rg3 42. Rxf4 Rxg2+ 43. Ke3 Rg3+ 44. Kd2 Rg2+ 45. Ke3
1/2-1/2

[Event "15. Bayer Open"]
[Site "Leverkusen"]
[Date "2017.03.27"]
[Round "6.14"]
[White "Kuhn, Andreas"]
[Black "Schalow, Daniel"]
[Result "0-1"]
[WhiteElo "1877"]
[BlackElo "2044"]
[PlyCount "94"]
[EventDate "2017.??.??"]
[WhiteTeam "SG Niederkassel"]
[BlackTeam "Langenfelder SF"]

1. c4 c5 2. g3 g6 3. Bg2 Bg7 4. Nc3 Nc6 5. Nf3 Nf6 6. d4 cxd4 7. Nxd4 O-O 8.
O-O Qb6 9. Nc2 Ne5 10. b3 d6 11. h3 Bd7 12. e4 Rfc8 13. Be3 Qd8 14. Rc1 Nc6 15.
Nd5 Be8 16. Qd2 Nd7 17. Rfd1 a6 18. f4 Rab8 19. Qe2 a5 20. Na3 b6 21. Nb5 Nc5
22. e5 Rb7 23. exd6 exd6 24. Qd2 Rd7 25. Nd4 Ne7 26. f5 Nxd5 27. Bxd5 Re7 28.
Bg5 Be5 29. fxg6 hxg6 30. Bxe7 Qxe7 31. Qh6 Qf6 32. Ne2 Bd7 33. Rf1 Bd4+ 34.
Kg2 Bf5 35. Rxf5 gxf5 36. Qxf6 Bxf6 37. Rc2 Re8 38. Nf4 Re5 39. Kf3 Re1 40. Re2
Rxe2 41. Nxe2 Ne6 42. h4 Be5 43. Ke3 Kf8 44. a3 Bb2 45. b4 Bxa3 46. bxa5 bxa5
47. Nd4 Bc5 0-1

[Event "15. Bayer Open"]
[Site "Leverkusen"]
[Date "2017.03.27"]
[Round "6.15"]
[White "Reinemer, Frank"]
[Black "Schmuck, Markus"]
[Result "1/2-1/2"]
[WhiteElo "2093"]
[BlackElo "1910"]
[PlyCount "63"]
[EventDate "2017.??.??"]
[WhiteTeam "Langenfelder SF"]
[BlackTeam "SG Solingen"]

1. d4 d6 2. c4 e5 3. e3 Nf6 4. Nc3 c6 5. Bd3 Bg4 6. Nge2 Nbd7 7. O-O Be7 8. h3
Bh5 9. f4 exd4 10. exd4 Bxe2 11. Qxe2 O-O 12. g4 d5 13. g5 Ne4 14. Nxe4 dxe4
15. Qxe4 g6 16. Bd2 Re8 17. Rae1 Qb6 18. Bc3 Nc5 19. Qe3 Nxd3 20. Qxd3 Bb4 21.
Re5 Rad8 22. Rfe1 Rxe5 23. Rxe5 Bxc3 24. bxc3 Qb2 25. Qe3 Qb1+ 26. Qe1 Qd3 27.
Re8+ Rxe8 28. Qxe8+ Kg7 29. Qe5+ Kg8 30. Qb8+ Kg7 31. Qe5+ Kg8 32. Qe8+ 1/2-1/2

[Event "15. Bayer Open"]
[Site "Leverkusen"]
[Date "2017.03.27"]
[Round "6.16"]
[White "Esser, Michael"]
[Black "Reif, Frank"]
[Result "1-0"]
[WhiteElo "1993"]
[BlackElo "1758"]
[PlyCount "101"]
[EventDate "2017.??.??"]
[WhiteTeam "SC Bayer Leverkusen"]
[BlackTeam "TV Witzhelden"]

1. e4 e5 2. f4 exf4 3. Nf3 d6 4. Nc3 Nc6 5. d4 g5 6. h4 g4 7. Ng1 Bg7 8. Bb5
Bd7 9. Bxc6 bxc6 10. Bxf4 Rb8 11. Rb1 Ne7 12. Qd2 h6 13. Nge2 Nc8 14. g3 Nb6
15. O-O Qc8 16. b3 Kf8 17. Be3 Kg8 18. Rf2 Be8 19. Rbf1 Nd7 20. Nf4 h5 21. Nce2
c5 22. c3 Nf6 23. Qc2 Qb7 24. Nd5 Nxd5 25. exd5 Qxd5 26. Nf4 Qc6 27. dxc5 dxc5
28. Qf5 Qf6 29. Nxh5 Qxf5 30. Rxf5 Bxc3 31. Bxc5 Rh6 32. Kh2 Rd8 33. R1f2 Rd1
34. Nf4 Bc6 35. Ng2 f6 36. Be3 Rg6 37. Rc5 Bxg2 38. Kxg2 Be5 39. Ra5 Rd3 40.
Bf4 Bd4 41. Rc2 Bb6 42. Rf5 Rg7 43. Rxf6 Rd1 44. Rc1 Rd3 45. Rfc6 Re7 46. Rg6+
Kf7 47. Rxg4 Re2+ 48. Kh3 Rxa2 49. b4 Rb3 50. Bxc7 Be3 51. Rf1+ 1-0

[Event "15. Bayer Open"]
[Site "Leverkusen"]
[Date "2017.03.27"]
[Round "6.17"]
[White "Ziabari, Morteza"]
[Black "Ljuboschiz, Alexander"]
[Result "1-0"]
[WhiteElo "1813"]
[BlackElo "1991"]
[PlyCount "131"]
[EventDate "2017.??.??"]
[WhiteTeam "Kettwiger SG"]
[BlackTeam "SC Tornado Hochneukirch"]

1. e4 e5 2. Nf3 Nc6 3. Bc4 Nf6 4. d3 h6 5. c3 d6 6. Be3 g6 7. Nbd2 Bg7 8. Qc2
Ng4 9. O-O-O Nxe3 10. fxe3 O-O 11. h4 Na5 12. d4 Nxc4 13. Nxc4 Qe7 14. d5 Bd7
15. Rdg1 a5 16. g4 b5 17. Ncd2 c5 18. h5 g5 19. Nf1 c4 20. N3h2 b4 21. Ng3 Rfb8
22. Nf5 Qf8 23. Kd2 a4 24. Ra1 a3 25. Rhb1 axb2 26. Rxb2 b3 27. Qc1 Ra4 28.
axb3 cxb3 29. Rxa4 Bxa4 30. Nf3 Qd8 31. Ne1 Bf8 32. Nd3 Qc7 33. c4 Rc8 34. c5
dxc5 35. Qc4 Qa5+ 36. Ke2 Bb5 37. Qxb3 Bxd3+ 38. Qxd3 c4 39. Qc2 c3 40. Ra2
Qb5+ 41. Kf2 Qc4 42. Ra1 Rb8 43. Ra4 Rb4 44. Rxb4 Qxb4 45. Ke2 Qc4+ 46. Ke1 Kh7
47. d6 Qc6 48. Qb3 Kg8 49. Ne7+ Bxe7 50. dxe7 Qe8 51. Qb4 f6 52. Qc4+ Kg7 53.
Qe6 c2 54. Kd2 Qb5 55. e8=Q c1=Q+ 56. Kxc1 Qf1+ 57. Kc2 Qf2+ 58. Kd3 Qf1+ 59.
Kc3 Qc1+ 60. Kb4 Qd2+ 61. Kb5 Qb2+ 62. Kc6 Qc3+ 63. Kd7 Qd3+ 64. Ke7 Qa3+ 65.
Qd6 Qa7+ 66. Qed7 1-0

[Event "15. Bayer Open"]
[Site "Leverkusen"]
[Date "2017.03.27"]
[Round "6.18"]
[White "Beyer, Fabian"]
[Black "ter Steeg, Marcus"]
[Result "1-0"]
[WhiteElo "1694"]
[BlackElo "2074"]
[PlyCount "79"]
[EventDate "2017.??.??"]
[WhiteTeam "SG Solingen"]
[BlackTeam "SF Essen-Werden"]

1. d4 d5 2. Nf3 Nf6 3. c4 dxc4 4. Nc3 a6 5. a4 Nc6 6. Bg5 Bg4 7. e3 Na5 8. Be2
Bxf3 9. Bxf3 e6 10. O-O Be7 11. Qc2 Nd5 12. Bxe7 Nxe7 13. Rfe1 O-O 14. Rad1 Rb8
15. d5 e5 16. Ne4 Ng6 17. Qc3 b6 18. Be2 Qd7 19. Bxc4 Qxa4 20. b3 Qa3 21. Ra1
Qe7 22. Bxa6 f5 23. Ng3 Ra8 24. Bb5 Qc5 25. Qxc5 bxc5 26. Bc4 Kh8 27. e4 f4 28.
Nf5 Nb7 29. Ra4 Rxa4 30. bxa4 Nd6 31. Nxd6 cxd6 32. Rb1 Ra8 33. Rb6 Kg8 34. Bb5
Rd8 35. Rb7 Kf8 36. a5 Ra8 37. a6 Ne7 38. Rd7 Nc8 39. Kf1 Rb8 40. Rb7 1-0

[Event "15. Bayer Open"]
[Site "Leverkusen"]
[Date "2017.03.27"]
[Round "6.19"]
[White "Maric, Boris"]
[Black "Asadzade, Idris"]
[Result "1-0"]
[WhiteElo "2033"]
[BlackElo "1770"]
[Annotator "Birnkott,Manfred"]
[PlyCount "67"]
[EventDate "2017.??.??"]
[WhiteTeam "SV Grünfeld"]
[BlackTeam "Königsspringer Leverkusen"]

1. c4 c5 2. g3 Nf6 3. Bg2 Nc6 4. Nc3 d6 5. d3 g6 6. e4 Bg7 7. Nge2 O-O 8. O-O
e5 9. f4 Ne8 10. f5 Nc7 11. Be3 Nd4 12. g4 g5 13. Qd2 f6 14. h4 h6 15. Kf2 Kf7
16. Rh1 Bd7 17. Rh3 Qe7 18. Rah1 Rh8 19. Ng3 a6 20. Nd5 Nxd5 21. exd5 b5 22.
Ne4 Rag8 23. b4 Rc8 24. Bxd4 cxd4 25. c5 dxc5 26. bxc5 Rb8 27. Bf3 b4 28. Bd1
a5 29. Bb3 Kf8 30. hxg5 fxg5 31. c6 Bc8 32. d6 Qa7 33. d7 Ba6 34. f6 1-0

[Event "15. Bayer Open"]
[Site "Leverkusen"]
[Date "2017.03.27"]
[Round "6.20"]
[White "Hennig, Edgar Paul"]
[Black "Pyrowicz, Jacek"]
[Result "0-1"]
[WhiteElo "1849"]
[BlackElo "1726"]
[Annotator "Birnkott,Manfred"]
[PlyCount "116"]
[EventDate "2017.??.??"]
[WhiteTeam "Satranç Club"]
[BlackTeam "SV Wermelskirchen"]

1. e4 c5 2. c3 d5 3. exd5 Qxd5 4. d4 Nf6 5. Nf3 Bg4 6. Na3 Bxf3 7. gxf3 e6 8.
Bc4 Qd8 9. Qb3 Qb6 10. Qxb6 axb6 11. Bb5+ Nbd7 12. Nc4 O-O-O 13. Bg5 cxd4 14.
cxd4 Be7 15. Bxd7+ Kxd7 16. Ne5+ Ke8 17. Be3 Nd5 18. O-O f6 19. Nc4 Kf7 20. a3
Rc8 21. Rac1 Rc6 22. Bd2 Rhc8 23. Ne3 Nf4 24. Rxc6 Rxc6 25. Re1 f5 26. Kf1 Nd3
27. Rb1 Bh4 28. Be1 f4 29. Ng2 Nxe1 30. Kxe1 Bf6 31. Nxf4 Bxd4 32. Nd3 e5 33.
Kd2 Rh6 34. Rh1 Kf6 35. Ke2 Kf5 36. b3 Rh3 37. a4 e4 38. fxe4+ Kxe4 39. Nc1 Be5
40. Rg1 h5 41. Rg2 Rxh2 42. Rg6 Bf6 43. Nd3 Rh3 44. f3+ Kd4 45. Rg2 Kc3 46. Nf4
Rh1 47. Nd5+ Kxb3 48. Nxf6 gxf6 49. Rg6 Kxa4 50. Rxf6 b5 51. Rb6 b4 52. Rxb7 b3
53. Kd3 Ka3 54. Ra7+ Kb2 55. Rb7 Rd1+ 56. Ke2 Rd5 57. f4 Kc3 58. Rc7+ Kb4 0-1

[Event "15. Bayer Open"]
[Site "Leverkusen"]
[Date "2017.03.27"]
[Round "6.21"]
[White "Gnass, Arno"]
[Black "Wirtz, Uwe"]
[Result "0-1"]
[WhiteElo "1658"]
[BlackElo "1842"]
[PlyCount "70"]
[EventDate "2017.??.??"]
[WhiteTeam "Bergische SF"]
[BlackTeam "Königsspringer Leverkusen"]

1. d4 d5 2. Nf3 e6 3. e3 Nf6 4. Bd3 c5 5. b3 Nc6 6. Bb2 Be7 7. O-O cxd4 8. exd4
O-O 9. a3 Bd7 10. Nbd2 Rc8 11. Re1 Bd6 12. Ne5 Bb8 13. Ndf3 Qc7 14. Qd2 h6 15.
a4 Rfd8 16. g4 Ne4 17. Bxe4 dxe4 18. Rxe4 Nxe5 19. Nxe5 Qxc2 20. Qxc2 Rxc2 21.
Rb1 Be8 22. Nc4 Bc6 23. Ree1 Bf3 24. Rbc1 Rxc1 25. Rxc1 Bxg4 26. Kg2 Bf4 27.
Re1 Bf5 28. f3 Bc2 29. Na5 b6 30. Nc6 Rd7 31. a5 Bxb3 32. Ne5 Rc7 33. Nd3 Rc2+
34. Kh3 Bd6 35. Bc1 Rxh2+ 0-1